| 000 | 00425nam a2200157 4500 | ||
|---|---|---|---|
| 001 | 137224 | ||
| 003 | ES-MaACL | ||
| 005 | 20230906195331.0 | ||
| 007 | t| | ||
| 008 | 070214s1963 pe r ||||1| spa d | ||
| 100 | 1 |
_aSamaniego, Antenor. _9102152 |
|
| 245 | 1 | 0 |
_aCanciones jubilares / _cAntenor Samaniego. |
| 260 |
_aLima : _bP.L. Villanueva, _c1963. |
||
| 300 |
_a110 p. ; _c21 cm. |
||
| 852 |
_aES-MaACL _jL-2664 _bR.103337 |
||
| 999 |
_c137224 _d137224 |
||